| 000 | 00578nam a2200169 i 4500 | ||
|---|---|---|---|
| 001 | 134754 | ||
| 003 | ES-MaACL | ||
| 005 | 20230906194734.0 | ||
| 007 | t| | ||
| 008 | 070913s1941 gw ||||1| ger d | ||
| 100 | 1 |
_aWeismantel, Leo. _9116392 |
|
| 245 | 1 | 4 |
_aDas Totenliebespaar _b: Roman aus der Kindheit und den Lehrjahren des Mathis Nithart, der fèalschlich Matthias Grünewald genannt wurde / _cerzèahlt von Leo Weismantel. |
| 250 | _a2. Aufl. | ||
| 260 |
_aMünchen : _bAlber, _c1941. |
||
| 300 |
_a445 p., 2 lám. ; _c20 cm. |
||
| 852 |
_aES-MaACL _jF-16342 _bR.21106 |
||
| 999 |
_c134754 _d134754 |
||